|
|
|
|
| LEADER |
01110nam a2200277 a 4500 |
| 001 |
7689 |
| 003 |
BD-DhAAL |
| 005 |
20190311100940.0 |
| 008 |
130915s1994 caua b 001 0 eng d |
| 999 |
|
|
|c 13962
|d 13962
|
| 010 |
|
|
|a 94004236
|
| 020 |
|
|
|a 0803952546
|
| 020 |
|
|
|a 0803952554 (pbk.)
|
| 040 |
|
|
|a DLC
|c DLC
|d DLC
|d BD-DhAAL
|
| 050 |
0 |
0 |
|a H62
|b .C6963 1994
|
| 082 |
0 |
0 |
|a 300.72
|2 20
|
| 100 |
1 |
|
|a Creswell, John W.
|9 3062
|
| 245 |
1 |
0 |
|a Research design :
|b qualitative & quantitative approaches /
|c John W. Creswell.
|
| 260 |
|
|
|a Thousand Oaks, Calif. :
|b Sage Publications,
|c c1994.
|
| 300 |
|
|
|a xix, 228 pages :
|b illustrations ;
|c 24 cm.
|
| 504 |
|
|
|a Includes bibliographical references (p. 209-216) and indexes.
|
| 541 |
|
|
|e 7689
|
| 650 |
|
0 |
|a Social sciences
|x Research
|x Methodology.
|9 2243
|
| 650 |
|
0 |
|a Social sciences
|x Statistical methods.
|9 3063
|
| 942 |
|
|
|2 ddc
|c BK
|
| 952 |
|
|
|0 0
|1 0
|2 ddc
|4 0
|6 300_720000000000000_CRE
|7 0
|9 23392
|a BRACUL
|b BRACUL
|c GEN
|d 2013-09-15
|l 4
|m 71
|o 300.72 CRE
|p 3010007689
|r 2026-04-19
|s 2026-01-29
|t 1
|w 2013-09-15
|y BK
|x Koha Inventory 2020 ; Found the book on 01.07.2025 ; Photocopy Book
|